000 00566nam a2200181Ia 4500
008 100917s9999 xx 000 0 und d
082 _b12010
100 _aबेलसरे के. वि.
245 _aभावार्थ भागवत
260 _bमालती डहाणूकर स्ट्रट
_c1972
300 _a618
365 _b25
520 _aअध्यात्म
630 _aभावार्थ भागवत
650 _aअध्यात्म
730 _aभावार्थ भागवत
942 _cBOOK
999 _c617404
_d617401